000 00518nmm a2200157Ia 4500
008 251105s9999||||xx |||||||||||||||||und||
020 _a9789560103857
041 _aspa
100 _aFreire C., Nicolás
245 0 _aLas comisiones parlamentarias de investigación en los ordenamientos latinoamericanos
264 _a[Santiago de Chile, Chile] :
_bRil editores,
_c2017
300 _a244 páginas
650 _aPolitical Science (General)
856 _uhttps://public.digitaliapublishing.com/a/47456
942 _cCF
999 _c93825
_d93825